Pramana Laksanam of Sri Madhwacarya (With Nyayakalpalata Tika of Sri Jayatirtha and Sub-Commentary of Sri Vijayindratirtha) (Record no. 1506)

MARC details
000 -LEADER
fixed length control field 00438nam a22001337a 4500
008 - FIXED-LENGTH DATA ELEMENTS--GENERAL INFORMATION
fixed length control field 260601b |||||||| |||| 00| 0 eng d
020 ## - INTERNATIONAL STANDARD BOOK NUMBER
International Standard Book Number 9789381275276
082 ## - DEWEY DECIMAL CLASSIFICATION NUMBER
Classification number 001918
100 ## - MAIN ENTRY--PERSONAL NAME
Personal name P. S. Acharya
245 ## - TITLE STATEMENT
Title Pramana Laksanam of Sri Madhwacarya (With Nyayakalpalata Tika of Sri Jayatirtha and Sub-Commentary of Sri Vijayindratirtha)
260 ## - PUBLICATION, DISTRIBUTION, ETC.
Place of publication, distribution, etc. Bangalore
Name of publisher, distributor, etc. Poornaprajna Samshodhana Mandiram
Date of publication, distribution, etc. 2013
300 ## - PHYSICAL DESCRIPTION
Extent 248p
942 ## - ADDED ENTRY ELEMENTS (KOHA)
Source of classification or shelving scheme Dewey Decimal Classification
Holdings
Withdrawn status Lost status Source of classification or shelving scheme Damaged status Not for loan Home library Current library Shelving location Date acquired Source of acquisition Inventory number Total Checkouts Full call number Barcode Date last seen Price effective from Koha item type
    Dewey Decimal Classification     Karnataka Samskrit University Library Karnataka Samskrit University Library General Stacks 03/06/2025 Poornaprajna Samshodhana Mandiram 12237   001918 001918 06/01/2026 06/01/2026 Books

Powered by Koha